[Event "Wohlen op"]
[Site "Wohlen"]
[Date "1993.??.??"]
[Round "9"]
[White "Budnikov, Alexandar"]
[Black "Jurek, Josef"]
[Result "1/2-1/2"]
[WhiteElo "2520"]
[BlackElo "2280"]

1.c4 Nf6 2.d4 e6 3.g3 d5 4.Nf3 Be7 5.Bg2 O-O 6.O-O dxc4 7.Qc2 a6 8.Qxc4 b5
9.Qc2 Bb7 10.Bd2 Be4 11.Qc1 Bb7 12.Qc2  1/2-1/2

[Event "Acasusso Valle op"]
[Site "Acasusso"]
[Date "1994.??.??"]
[Round "4"]
[White "Ricardi, Pablo"]
[Black "Bronstein, Luis"]
[Result "1/2-1/2"]
[WhiteElo "2470"]
[BlackElo "2380"]

1.d4 d5 2.c4 e6 3.Nf3 Nf6 4.g3 Be7 5.Bg2 O-O 6.O-O dxc4 7.Qc2 a6 8.a4 Bd7
9.Ne5 Bc6 10.Nxc6 Nxc6 11.e3 Nd5 12.Qxc4 Na5 13.Qe2 Nb3 14.Ra2 c5 15.dxc5 Bxc5
16.Nd2 Nxc1 17.Rxc1 Rc8 18.Raa1 Qb6 19.Nc4 Qb3 20.Be4 Nf6 21.Bf3 Be7 22.Kg2 Nd5
23.a5 Bb4 24.Be4 g6 25.h4 Rc5 26.h5 Rfc8 27.hxg6 hxg6 28.Bd3 b5 29.axb6 Nxb6
30.Nd2 Bxd2 31.Rxc5 Rxc5 32.Qxd2 Nc4  1/2-1/2

[Event "Acasusso Valle op"]
[Site "Acasusso"]
[Date "1994.??.??"]
[Round "5"]
[White "Quinteros, Miguel A"]
[Black "Zarnicki, Pablo"]
[Result "1/2-1/2"]
[WhiteElo "2510"]
[BlackElo "2435"]

1.d4 Nf6 2.c4 e6 3.g3 d5 4.Bg2 Be7 5.Nf3 O-O 6.O-O dxc4 7.Qc2 a6 8.a4 Bd7
9.Rd1 Bc6 10.Nc3 Bxf3 11.Bxf3 Nc6 12.Bxc6 bxc6 13.e4 Qb8  1/2-1/2

[Event "Altensteig-J"]
[Site "Altensteig"]
[Date "1994.??.??"]
[Round "?"]
[White "Schwarz, Michael"]
[Black "Masserey, Yvan"]
[Result "1-0"]
[WhiteElo "2390"]
[BlackElo "2315"]

1.d4 Nf6 2.Nf3 e6 3.g3 d5 4.Bg2 Be7 5.c4 O-O 6.Qc2 dxc4 7.Qxc4 a6 8.Bg5 c5
9.dxc5 Qc7 10.O-O Qxc5 11.Qxc5 Bxc5 12.Nbd2 Nc6 13.Rac1 Be7 14.Nc4 Nd5 15.Bxe7 Ndxe7
16.Rfd1 f6 17.Nd4 Nxd4 18.Rxd4 e5 19.Rd6  1-0

[Event "Andorra op"]
[Site "Andorra"]
[Date "1994.??.??"]
[Round "4"]
[White "Suba, Mihai"]
[Black "Amura, Claudia Noemi"]
[Result "1-0"]
[WhiteElo "2525"]
[BlackElo "2325"]

1.c4 e6 2.g3 d5 3.Bg2 Nf6 4.Nf3 Be7 5.d4 O-O 6.O-O dxc4 7.Qc2 a6 8.Qxc4 b5
9.Qc2 Bb7 10.Bd2 Nc6 11.e3 Ra7 12.Rc1 Qa8 13.Qd1 Rd8 14.Qe2 Bd6 15.e4 e5
16.Rxc6 Bxc6 17.dxe5 Nxe4 18.exd6 Nxd2 19.Nbxd2 cxd6 20.Qd3 h6 21.Nh4 Bxg2
22.Nxg2 Qc6 23.Ne3 d5 24.Qd4 Rc7 25.Nb3 Qg6 26.Rd1 Kh8 27.Nc5 a5 28.a3 a4
29.Nd3 Qe4 30.Qb6 Rdc8 31.Qxb5 d4 32.Qf5 Qxf5 33.Nxf5 Rd8 34.Nb4 Rc5 35.Ne3 Rcc8
36.Ned5 Rc4 37.Nb6  1-0

[Event "Antwerp op"]
[Site "Antwerp"]
[Date "1994.??.??"]
[Round "4"]
[White "Wojtkiewicz, Aleksander"]
[Black "Ziatdinov, Raset"]
[Result "1-0"]
[WhiteElo "2560"]
[BlackElo "2410"]

1.Nf3 d5 2.c4 e6 3.d4 Nf6 4.g3 Be7 5.Bg2 O-O 6.Qc2 Nbd7 7.O-O c5 8.cxd5 Nxd5
9.Nc3 Nxc3 10.Qxc3 Bf6 11.Be3 cxd4 12.Bxd4 Bxd4 13.Qxd4 Nf6 14.Qxd8 Rxd8
15.Ne5 Kf8 16.Rfd1 Rxd1+ 17.Rxd1 Ke7 18.Rd3 Ne8 19.Bxb7 Bxb7 20.Rd7+ Kf6
21.f4 Nd6 22.Rxd6 Kf5 23.Rd4 g5 24.Nxf7 gxf4 25.Rxf4+ Kg6 26.Ne5+  1-0

[Event "Aschach op"]
[Site "Aschach"]
[Date "1994.??.??"]
[Round "?"]
[White "Tratar, Marko"]
[Black "Modr, Bretislav"]
[Result "0-1"]
[WhiteElo "2380"]
[BlackElo "2345"]

1.d4 Nf6 2.Nf3 e6 3.c4 d5 4.g3 Be7 5.Bg2 O-O 6.O-O Nbd7 7.Qc2 c6 8.b3 b6
9.Rd1 Bb7 10.Nc3 Rc8 11.e4 h6 12.Bb2 Qc7 13.Rac1 Qb8 14.e5 Ne8 15.cxd5 cxd5
16.Ne1 Nc7 17.Qd2 Ba6 18.f4 Nb5 19.Nb1 Rxc1 20.Rxc1 Rc8 21.Nc2 Bb7 22.Bf1 Nc7
23.Ba3 Bxa3 24.Ncxa3 a6 25.Kf2 Nf8 26.Ke1 Ne8 27.Rxc8 Qxc8 28.Qc3 Qd8 29.Kd1 Qe7
30.Nc2 Nd7 31.Nb4 Nb8 32.Nd2 Nc7 33.Nc2 Nc6 34.Nf3 Kf8 35.Bd3 Qd7 36.Ne3 Qe7
37.Nc2 Qd7 38.Kd2 Ke8 39.Ke3 Kd8 40.g4 Kc8 41.Qe1 a5 42.Qf1 Kb8 43.h4 Ka7
44.h5 Ba6 45.Bxa6 Nxa6 46.a3 Ne7 47.Qd3 Qc8 48.Kd2 Qg8 49.f5 Nc7 50.Ne3 Nc6
51.Kc2 Kb7 52.Kb2 Qe8 53.Nc2 Qc8 54.Ne3 Qe8 55.f6 gxf6 56.Qh7 fxe5 57.dxe5 Qf8
58.g5 Qc5 59.Qd3 Qf8 60.Ng4 hxg5 61.h6 Ne7 62.Nxg5 Ng6 63.Qf1  0-1

[Event "AUT-ch"]
[Site "Austria"]
[Date "1994.??.??"]
[Round "1"]
[White "Fauland, Alexander"]
[Black "Rattinger, Thomas"]
[Result "1-0"]
[WhiteElo "2415"]
[BlackElo "2255"]

1.d4 Nf6 2.c4 e6 3.Nf3 d5 4.g3 Be7 5.Bg2 O-O 6.O-O Nbd7 7.b3 c6 8.Qc2 Ne4
9.Rd1 f5 10.Ba3 Bxa3 11.Nxa3 Qf6 12.e3 g5 13.b4 a6 14.Rd3 Qe7 15.Qb2 b5 16.c5 a5
17.Nc2 a4  1-0

[Event "AUT-ch"]
[Site "Austria"]
[Date "1994.??.??"]
[Round "2"]
[White "Stadler, Peter"]
[Black "Salamon, Werner"]
[Result "0-1"]
[WhiteElo "2135"]
[BlackElo "2250"]

1.c4 e6 2.g3 d5 3.d4 Nf6 4.Bg2 Be7 5.Nf3 O-O 6.O-O c5 7.cxd5 exd5 8.Nc3 Nc6
9.Bg5 cxd4 10.Nxd4 h6 11.Be3 Re8 12.Rc1 Bf8 13.Nxc6 bxc6 14.Na4 Bd7 15.Bc5 Ne4
16.Bxf8 Kxf8 17.Qd4 Kg8 18.e3 Qa5 19.a3 Rab8 20.Nc5 Nxc5 21.Rxc5 Qa6 22.Rfc1 Rb3
23.e4 Qb6 24.exd5 cxd5 25.Bxd5 Bh3 26.Qf4 Qxc5 27.Qxf7+ Kh7 28.Rd1 Rf8  0-1

[Event "AUT-ch"]
[Site "Austria"]
[Date "1994.??.??"]
[Round "3"]
[White "Krebs, Johann"]
[Black "Detter, Peter"]
[Result "1/2-1/2"]
[WhiteElo "2120"]
[BlackElo "2225"]

1.d4 Nf6 2.c4 e6 3.g3 d5 4.Bg2 Be7 5.Nf3 O-O 6.O-O dxc4 7.Ne5 Nc6 8.Nxc6 bxc6
9.Bg5 Nd5 10.Bxe7 Qxe7 11.Qd2 Rb8 12.e4 Nb4 13.Na3 Ba6 14.Rfc1 Nd3 15.Rc2 Qb4
16.Rb1 Qxd2 17.Rxd2 Rfd8 18.Bf1 Rxd4 19.Rbd1 Rbd8 20.Nc2 R4d6 21.Ne3 Nc5
22.Rxd6 Rxd6 23.e5 Rxd1 24.Nxd1 g5 25.f3 Kg7 26.Kf2 Kg6 27.f4 h6 28.Nc3 gxf4
29.gxf4 Nd3+ 30.Bxd3+ cxd3 31.Ne4 Kf5 32.Kf3 Bc4 33.Ng3+ Kg6 34.Ke3 Bxa2
35.Kxd3 Bd5 36.Kd4 f6 37.h4 fxe5+ 38.fxe5 a5 39.Kc5 Bf3 40.Kd4 Kf7 41.Kc5 Ke7
42.Nf1 Kd7  1/2-1/2

[Event "AUT-ch"]
[Site "Austria"]
[Date "1994.??.??"]
[Round "3"]
[White "Kraschl, Joerg"]
[Black "Kummer, Helmut"]
[Result "0-1"]
[WhiteElo "2210"]
[BlackElo "2310"]

1.c4 Nf6 2.g3 e6 3.Nf3 d5 4.d4 Be7 5.Bg2 O-O 6.O-O b6 7.Nc3 a5 8.Ne5 Ba6
9.Re1 c6 10.e4 dxc4 11.Be3 Ra7 12.d5 cxd5 13.exd5 exd5 14.Nxd5 Nxd5 15.Bxd5 Bb4
16.Re2 c3 17.Rc2 cxb2 18.Rb1 Qf6 19.Ng4 Qd6 20.Bf4 Qd8 21.Rcxb2 Rd7 22.Ne3 Bc5
23.Rd2 Nc6 24.Nf5 Nd4 25.Rxd4 Qf6 26.Nh6+ gxh6 27.Re4 Rfd8 28.Qg4+ Qg6 29.Bxh6 Rxd5
30.Rbe1 f5 31.Re8+ Rxe8 32.Rxe8+ Kf7 33.Qa4 Qxh6 34.Re1 Bxf2+ 35.Kxf2 Qd2+  0-1

[Event "AUT-chT"]
[Site "?"]
[Date "1994.??.??"]
[Round "?"]
[White "Juraczka, Franz"]
[Black "Casagrande, Harald"]
[Result "0-1"]
[WhiteElo "2290"]
[BlackElo "2395"]

1.d4 Nf6 2.Nf3 e6 3.c4 d5 4.g3 Be7 5.Bg2 O-O 6.O-O b6 7.Ne5 Bb7 8.Nc3 c6
9.e4 dxc4 10.Nxc4 Nbd7 11.Bf4 Ba6 12.b3 b5 13.Nb2 b4 14.Ne2 Nb6 15.Nd3 Rc8
16.Rc1 Nbd7 17.h3 Qa5 18.Qd2 Rfd8 19.Rfd1 c5 20.Qb2 c4 21.bxc4 Bxc4 22.Rc2 Qb5
23.Nec1 Nb6 24.Ne5 Na4 25.Qa1 Nc3 26.Re1 Rxd4 27.Nxc4 Qxc4 28.Be3 Rd7 29.f3 Bc5
30.Kh2 Bxe3 31.Rxe3 Rd4  0-1

[Event "AUT-chT2S 9394"]
[Site "AUT"]
[Date "1994.??.??"]
[Round "?"]
[White "Ebner, Hubert"]
[Black "Egartner, Wolfgang"]
[Result "1-0"]
[WhiteElo "2225"]
[BlackElo "2215"]

1.d4 Nf6 2.c4 e6 3.g3 d5 4.Nf3 Be7 5.Bg2 O-O 6.O-O c6 7.Qc2 Nbd7 8.b3 b6
9.Rd1 Bb7 10.Nc3 Re8 11.e4 Nxe4 12.Nxe4 dxe4 13.Qxe4 Qc8 14.Qe2 c5 15.Bb2 cxd4
16.Bxd4 Bf6 17.Bxf6 Nxf6 18.Ne5 Bxg2 19.Kxg2 Qb7+ 20.Qf3 Qc7 21.Qe3 Rad8
22.f4 h5 23.Qf3 a6 24.Rxd8 Rxd8 25.Rd1 Rxd1 26.Qxd1 g6 27.Qd4 Qb7+ 28.Kg1 h4
29.gxh4 Nh5 30.Qd7 Qxd7 31.Nxd7 b5 32.c5 Nxf4 33.c6  1-0

[Event "Baile Herculane (Women)"]
[Site "Baile Herculane"]
[Date "1994.??.??"]
[Round "8"]
[White "Sergeeva, Tatyana"]
[Black "Marin Ionescu, Luiza"]
[Result "0-1"]
[WhiteElo "2255"]
[BlackElo "2115"]

1.d4 d5 2.c4 e6 3.g3 Nf6 4.Bg2 Be7 5.Nf3 O-O 6.O-O dxc4 7.a4 a6 8.Qc2 Bd7
9.Qxc4 Bc6 10.Nc3 b5 11.Qd3 b4 12.Nb1 Be4 13.Qd1 Nbd7 14.Nbd2 Bd5 15.Re1 c5
16.e4 Bb7 17.e5 Nd5 18.Ne4 a5 19.Bg5 N5b6 20.Bxe7 Qxe7 21.Nfg5 h6 22.Nh3 Rab8
23.Nf4 cxd4 24.Qxd4 Rfd8 25.Nh5 Bxe4 26.Qxe4 Nc5 27.Qg4 Qg5 28.Qf3 Rd3 29.h4 Rxf3
30.hxg5 Rb3 31.gxh6 gxh6 32.Nf6+ Kg7 33.Re2 Ncxa4 34.Re4 Rd8 35.Rg4+ Kf8
36.Rc1 Rbd3 37.Bf1 R3d4 38.Rg8+ Ke7 39.Rc7+ Nd7 40.Rxd8 Kxd8 41.Rxd7+ Rxd7
42.Nxd7 Nxb2 43.Nc5 Kc7 44.f4 Kc6 45.Ne4 Kd5 46.Nd2 a4 47.Kf2 Kd4 48.Bh3 Kc3
49.Ne4+ Kc2 50.f5 a3 51.fxe6 fxe6 52.Bxe6 Nd3+ 53.Ke3 Nxe5 54.Nc5 Nc6 55.Bd5 Na5
56.Kd4 b3 57.Be4+ Kd2 58.Bb1 a2  0-1

[Event "Regionalliga NW9495"]
[Site "Bayern"]
[Date "1994.??.??"]
[Round "1"]
[White "Staeblein, Christian"]
[Black "Jirovsky, Milos"]
[Result "0-1"]
[WhiteElo "2075"]
[BlackElo "2410"]

1.d4 Nf6 2.c4 e6 3.g3 d5 4.Nf3 Be7 5.Bg2 O-O 6.O-O c6 7.b3 Nbd7 8.Bb2 b6
9.Nbd2 Bb7 10.Qc2 Rc8 11.e4 c5 12.exd5 exd5 13.dxc5 Nxc5 14.Rfd1 h6 15.Ne5 Qc7
16.Qf5 dxc4 17.Ndxc4 Bxg2 18.Kxg2 Qb7+ 19.Kg1 b5 20.Ne3 Nce4 21.Rac1 Rxc1
22.Rxc1 Rd8 23.Nc6 Re8 24.Nxe7+ Qxe7 25.Rc8 a6 26.Rxe8+ Qxe8 27.Bxf6 Nxf6
28.Nd5 Nh7 29.Nc7 Qc6 30.Nd5 Qd6 31.Qc8+ Nf8 32.Ne3 g6 33.Qc3 h5 34.h4 Nd7
35.Qc8+ Kh7 36.Qb7 Ne5 37.Qd5 Qxd5 38.Nxd5 a5 39.Kf1 Nd3 40.a3  0-1

[Event "Regionalliga SO9495"]
[Site "Bayern"]
[Date "1994.??.??"]
[Round "2"]
[White "Bielmeier, Ludwig"]
[Black "Kreuzer, Klaus"]
[Result "1-0"]
[WhiteElo "2025"]
[BlackElo "2090"]

1.d4 Nf6 2.Nf3 e6 3.c4 d5 4.g3 Be7 5.Bg2 O-O 6.O-O Nbd7 7.Qc2 c5 8.cxd5 Nxd5
9.Nc3 Nb4 10.Qb1 Bf6 11.Rd1 c4 12.Ne4 Be7 13.Bg5 h6 14.Bxe7 Qxe7 15.Ned2 b5
16.Ng5 hxg5 17.Bxa8 Ba6 18.Bg2 f5 19.Qc1 Nb6 20.Nf3 f4 21.Ne5 Qc7 22.Qb1 Bb7
23.Bxb7 Qxb7 24.Qg6 Qe7 25.Qh5 Qf6 26.Nf3 fxg3 27.hxg3 Na4 28.Rd2 Rd8 29.Nxg5 c3
30.bxc3 Nxc3 31.Rc1 Nbxa2 32.Rxa2 Nxa2 33.Qh7+ Kf8 34.Rc7  1-0

[Event "JUG-chT Cup"]
[Site "Becici"]
[Date "1994.??.??"]
[Round "?"]
[White "Stamenkovic, Zoran"]
[Black "Podolnjak, Tomislav"]
[Result "1-0"]
[WhiteElo "2405"]
[BlackElo "2160"]

1.d4 Nf6 2.c4 e6 3.g3 d5 4.Bg2 Be7 5.Nf3 O-O 6.O-O Nbd7 7.Nc3 c6 8.b3 b6
9.Bb2 Bb7 10.Rc1 c5 11.e3 dxc4 12.bxc4 Ne4 13.d5 Nxc3 14.Bxc3 exd5 15.cxd5 Bf6
16.e4 Re8 17.Re1 Qb8 18.Bxf6 Nxf6 19.Nh4 Rd8 20.Qd2 a6 21.Nf5 Ne8 22.e5 Bc8
23.Ne7+  1-0

[Event "JUG-chT Cup"]
[Site "Becici"]
[Date "1994.??.??"]
[Round "?"]
[White "Simic, Radoslav"]
[Black "Vasiljevic, Dragan"]
[Result "1/2-1/2"]
[WhiteElo "2495"]
[BlackElo "2385"]

1.Nf3 Nf6 2.c4 e6 3.g3 d5 4.Bg2 Be7 5.d4 O-O 6.Qc2 Nc6 7.a3 Ne4 8.O-O f5
9.b4 Bf6 10.Bb2 Ne7 11.Nbd2 c6 12.Rac1 Bd7 13.Ne5 Nxd2 14.Qxd2 Be8 15.Rfd1 Nc8
16.f3 Nd6 17.c5 Nf7 18.Rb1 Bg5 19.e3 Qc7 20.f4 Be7 21.Bf3 g5 22.a4 a5 23.Nxf7 Rxf7
24.Bc3 axb4 25.Rxb4 Rg7 26.Rdb1 Ra7 27.a5 Bd8 28.Be2 h5 29.a6 bxa6 30.Rb8 a5
31.Kf2 h4 32.Qb2 Qe7 33.Rg1 Kh7 34.Ke1 gxf4 35.exf4 a4 36.Qd2 a3 37.Rb1 Bc7
38.Ra1 Qd8 39.Kf2 Qa8 40.Ra2 Bd8 41.Qe3 Bd7 42.Rga1 Bf6 43.Be1 Ra4 44.Rxa3 Rxa3
45.Rxa3 Qb8 46.Rb3 Qa8 47.Kg1 Qa2 48.Rd3 Rg8 49.Kf2 hxg3+ 50.hxg3 Rb8 51.Ra3 Qb2
52.Ra7 Rb7 53.Rxb7 Qxb7 54.g4 fxg4 55.Bxg4 Qc7 56.Kf1 Kg7 57.Qa3 Qb8 58.Qg3 Kg8
59.Kg2 Qb1  1/2-1/2

[Event "PF-chB"]
[Site "Bellheim"]
[Date "1994.??.??"]
[Round "?"]
[White "Dausch, Rene"]
[Black "Feibert, Fred"]
[Result "1-0"]
[WhiteElo "2310"]
[BlackElo "2335"]

1.d4 Nf6 2.c4 e6 3.g3 d5 4.Bg2 Be7 5.Nf3 O-O 6.O-O Nbd7 7.Qc2 c6 8.Rd1 Ne4
9.Ne5 f5 10.Nd3 Qe8 11.f3 Nd6 12.b3 b5 13.cxd5 cxd5 14.Bf4 Bb7 15.Nd2 Rc8
16.Qb2 g5 17.Be5 Nxe5 18.dxe5 Nf7 19.Qd4 b4 20.Rac1 Qb5 21.Bf1 Qa5 22.Kg2 Rc3
23.a3 Rxc1 24.axb4 Bxb4 25.Nxc1 Bc3 26.b4 Bxd4 27.bxa5 Bxe5 28.e3 Rc8 29.Ncb3 Nd6
30.a6 Bc6 31.Rc1 Be8 32.Rxc8 Nxc8 33.f4 gxf4 34.gxf4 Bc3 35.Nf3 Nd6 36.Nc5 Nc4
37.Kf2 e5 38.e4 fxe4 39.Nxe4 dxe4 40.Bxc4+ Kg7 41.Nxe5 Kf6 42.Ng4+ Kf5 43.Ne3+ Kg6
44.Bd5 Bb5 45.Bxe4+ Kf7 46.Bd5+ Ke7 47.Bb7 Kd6 48.Kf3 Kc5 49.Ke4 Bd2 50.Ng4  1-0

[Event "Berliner Sommer"]
[Site "Berlin"]
[Date "1994.??.??"]
[Round "?"]
[White "Raetsky, Alexander"]
[Black "Wiegner, Denis"]
[Result "1-0"]
[WhiteElo "2450"]
[BlackElo "2165"]

1.d4 d5 2.c4 e6 3.Nf3 Nf6 4.g3 Be7 5.Bg2 O-O 6.O-O dxc4 7.Ne5 c5 8.dxc5 Bxc5
9.Nxc4 Nc6 10.Nc3 Nb4 11.Bg5 h6 12.Qxd8 Rxd8 13.Bxf6 gxf6 14.Rfd1 Bd7 15.Bxb7 Rab8
16.Ne4 Be7 17.Ned6 Bxd6 18.Nxd6 e5 19.Be4 Be6 20.a3 Bb3 21.Rd2 Nc2 22.Bxc2 Bxc2
23.b4 Rb6 24.Rxc2 Rbxd6 25.Kg2 Kg7 26.Rac1 Ra6 27.Ra2 Rb6 28.Rc5 Rd1 29.Kf3 Rd4
30.Ra5 a6 31.Rc2 Kg6 32.h4 h5 33.Rc7 Rdd6 34.Rac5 Re6 35.Rd7 Rec6 36.Ke4 Rd6
37.Rcc7 Rxd7 38.Rxd7 Rc6 39.Kd3 Kg7 40.a4 Kg6 41.Rb7 Kg7 42.a5 Rc1  1-0

[Event "Berliner Sommer"]
[Site "Berlin"]
[Date "1994.??.??"]
[Round "?"]
[White "Heinig, Wolfram"]
[Black "Berzinsh, Roland"]
[Result "1/2-1/2"]
[WhiteElo "2335"]
[BlackElo "2465"]

1.d4 Nf6 2.c4 e6 3.g3 d5 4.Nf3 Be7 5.Bg2 O-O 6.O-O dxc4 7.Qc2 a6 8.a4 Bd7
9.Ne5 Bc6 10.Nxc6 Nxc6 11.e3 Na5 12.Nd2 c5 13.dxc5 Rc8 14.b4 cxb3 15.Nxb3 Nc6
16.Rd1 Qc7 17.Bb2 Rfd8 18.Rxd8+ Rxd8 19.Rd1 h6 20.Rxd8+ Nxd8 21.Qc3 Qd7 22.Qd4 Qc7
23.Bf3 Bf8 24.Kg2 Nd7 25.h4 Qc8 26.Kg1 Nc6 27.Qc3 Qc7 28.Bg2 Nd8 29.Bf3 Qc8
30.Ba3 b6 31.a5 bxc5 32.Nd2 Nc6 33.Nc4 Qc7 34.Bb2 Nb4 35.Kg2 Nf6 36.Qd2 Nfd5
37.Be5 Qc6 38.e4 Nc7 39.Qf4 Nb5 40.Qd2 f6 41.Bb2 Qc7 42.Bg4 Qc6 43.f3 Be7
44.Bh5 Qc8 45.e5 f5 46.Nd6 Bxd6 47.exd6 Qd7 48.Be5 Nd5 49.Qc1 c4 50.Kh3 c3
51.f4 Nxd6 52.Bxc3 Nxc3 53.Qxc3 Ne4 54.Qe5 Kh7 55.Bf3 Nf2+ 56.Kg2 Nd3 57.Qe3 Qd6
58.h5 e5 59.fxe5 Nxe5 60.Qf4 Qe6 61.Be2 Qd5+ 62.Kh2 Nd3 63.Qf1 Nb4 64.Bxa6 Qxa5
65.Bc8 g6 66.hxg6+ Kxg6 67.Qe1  1/2-1/2

[Event "Berliner Sommer"]
[Site "Berlin"]
[Date "1994.??.??"]
[Round "?"]
[White "Mikhalevski, Alexander"]
[Black "Pigusov, Evgeny"]
[Result "0-1"]
[WhiteElo "2455"]
[BlackElo "2575"]

1.d4 Nf6 2.c4 e6 3.Nf3 d5 4.g3 Be7 5.Bg2 O-O 6.O-O dxc4 7.Qc2 a6 8.Nbd2 b5
9.Ng5 Ra7 10.b3 cxb3 11.Nxb3 h6 12.Nh3 Bb7 13.e4 Nbd7 14.f3 c5 15.dxc5 Nxc5
16.Be3 Nxb3 17.Qxb3 Ra8 18.a4 b4 19.a5 Rc8 20.Bb6 Qe8 21.Rac1 Nd7 22.Bd4 Rxc1
23.Rxc1 Qd8 24.Qa2 Bf6 25.Bxf6 Nxf6 26.Nf2 Qd7 27.Rb1 Bc6 28.Qc4 Rb8 29.Rxb4 Bb5
30.Qd4 Qc6 31.Qa7 Rc8 32.Rb1 Re8 33.f4 Nd7 34.f5 Nf6 35.Bf1 Bxf1 36.Rxf1 Qa8
37.Qd4 Rd8 38.Qe5 Qa7 39.Rc1 Qxf2+ 40.Kxf2 Ng4+ 41.Ke2 Nxe5 42.Rb1 Rd4 43.Rb6 Rxe4+
44.Kf1 Nc4 45.Rxa6 Re5  0-1

[Event "Bern op"]
[Site "Bern"]
[Date "1994.??.??"]
[Round "3"]
[White "Razuvaev, Yuri S"]
[Black "Ilijin, Neboisa"]
[Result "1-0"]
[WhiteElo "2555"]
[BlackElo "2290"]

1.d4 Nf6 2.c4 e6 3.g3 d5 4.Bg2 Be7 5.Nf3 O-O 6.Qc2 dxc4 7.Nbd2 a6 8.Nxc4 Nc6
9.e3 Nb4 10.Qe2 c5 11.a3 Nc6 12.dxc5 Bxc5 13.b4 Be7 14.Bb2 Nd5 15.O-O Bf6
16.Rfd1 Bxb2 17.Qxb2 b5 18.Nce5 Nxe5 19.Nxe5 Qf6 20.Qd4 Bb7 21.e4 Ne7 22.Qd6 Rfe8
23.Rac1 Ng6 24.Nd7 Qd8 25.Rc7 Ra7 26.Nc5 Qa8 27.Qb6 Rb8 28.Rdd7 Ne5 29.Rxb7 Nxd7
30.Rxa7  1-0

[Event "Bern op"]
[Site "Bern"]
[Date "1994.??.??"]
[Round "9"]
[White "Razuvaev, Yuri S"]
[Black "Neckar, Lubomir"]
[Result "1/2-1/2"]
[WhiteElo "2555"]
[BlackElo "2360"]

1.d4 d5 2.c4 e6 3.Nf3 Be7 4.g3 Nf6 5.Bg2 O-O 6.Qc2 b6 7.cxd5 exd5 8.Nc3 Bb7
9.O-O Na6 10.Bf4 c5 11.Rfd1 Qc8 12.Rac1 Rd8 13.Be5 Ne4 14.dxc5 Nb4 15.Qb1 bxc5
16.a3 Nxc3 17.Bxc3 Nc6 18.b4 cxb4 19.axb4 a6 20.Qb2 Bf8 21.e3 Rb8 22.Be5 Ra8
23.Bc3 Rb8 24.Nd4 Qd7 25.Nxc6 Bxc6 26.e4 Qb7 27.Qc2 Rbc8 28.exd5 Bxd5 29.Bxd5 Rxd5
30.Qb2 Rxd1+ 31.Rxd1 Qb5 32.Rb1 Qd5  1/2-1/2

[Event "Biel op"]
[Site "Biel"]
[Date "1994.??.??"]
[Round "3"]
[White "Telljohann, Sven"]
[Black "Franzoni, Giancarlo"]
[Result "1/2-1/2"]
[WhiteElo "2375"]
[BlackElo "2435"]

1.c4 e6 2.Nf3 Nf6 3.g3 d5 4.d4 Be7 5.Bg2 O-O 6.O-O dxc4 7.Ne5 Nc6 8.Nxc6 bxc6
9.Qa4 Rb8 10.Qxc4 Rb4 11.Qxc6 Bb7 12.Qc2 Bxg2 13.Kxg2 Qxd4 14.Nc3 Nd5 15.Rd1 Qc5
16.Bd2 Bf6 17.Rac1 Nxc3 18.Bxc3 Bxc3 19.Qxc3 Qxc3 20.Rxc3 Rxb2 21.Rxc7 Rxa2
22.e3 a5 23.Ra7 h6 24.Rc1 Rb2 25.Rxa5  1/2-1/2

[Event "Biel"]
[Site "Biel"]
[Date "1994.??.??"]
[Round "3"]
[White "Landenbergue, Claude"]
[Black "Hoffman, Alejandro"]
[Result "1/2-1/2"]
[WhiteElo "2450"]
[BlackElo "2500"]

1.d4 d5 2.c4 e6 3.Nf3 Nf6 4.g3 Be7 5.Bg2 O-O 6.Qc2 c6 7.O-O b6 8.Nbd2 Bb7
9.e4 Na6 10.a3 c5 11.exd5 exd5 12.dxc5 Nxc5 13.b4 Ne6 14.cxd5 Qxd5 15.Bb2 Rfd8
16.Rad1 Rac8 17.Qb1 Qh5 18.Rfe1 Ba8 19.Rc1 Rxc1 20.Qxc1 Ne8 21.Ne4 Bxe4 22.Rxe4 Bf6
23.Re1 Bxb2 24.Qxb2 h6 25.Qc2 Nf6 26.Rd1 Rxd1+ 27.Qxd1  1/2-1/2

[Event "Biel op"]
[Site "Biel"]
[Date "1994.??.??"]
[Round "5"]
[White "Raetsky, Alexander"]
[Black "Namyslo, Holger"]
[Result "1-0"]
[WhiteElo "2450"]
[BlackElo "2285"]

1.d4 d5 2.c4 e6 3.Nf3 Nf6 4.g3 Be7 5.Bg2 O-O 6.O-O dxc4 7.Ne5 Nc6 8.Nxc6 bxc6
9.Na3 Bxa3 10.bxa3 Rb8 11.Qa4 Qxd4 12.Be3 Qe5 13.Qxc4 Nd5 14.Bd4 Ba6 15.Bxe5 Bxc4
16.Rfe1 f6 17.Bd4 Rfd8 18.Rac1 Bxa2 19.Bxa7 Rb3 20.Bc5 Rdb8 21.Be4 R8b5 22.Red1 f5
23.Bd3 Ra5 24.Rd2 Bb1 25.Bxb1 Rxb1 26.Rxb1 Rxc5 27.f3 Ra5 28.Rb7 Ra4 29.Rc2 Rxa3
30.Rxc6 Re3 31.Kf2 Re5 32.Rc5 Kf7 33.Rbxc7+ Nxc7 34.Rxe5 Nd5 35.f4 Kf6 36.e4 Ne7
37.exf5 Nxf5 38.g4 Ne7 39.Kg3 h6 40.h4 g6 41.Rc5 Nd5 42.Kf3 Ke7 43.Rc8 Kf7
44.Ra8 Kf6 45.g5+ hxg5 46.hxg5+ Ke7 47.Ke4 Kd6 48.Ra6+  1-0

[Event "GER-ch"]
[Site "Binz"]
[Date "1994.??.??"]
[Round "2"]
[White "Maiwald, Jens Uwe"]
[Black "Bischoff, Klaus"]
[Result "1/2-1/2"]
[WhiteElo "2445"]
[BlackElo "2525"]

1.d4 e6 2.Nf3 Nf6 3.g3 d5 4.Bg2 Be7 5.c4 Nbd7 6.Qc2 c6 7.O-O O-O 8.Nbd2 b6
9.b3 Bb7 10.Bb2 c5 11.e3 Rc8 12.Rac1 dxc4 13.bxc4 Qc7 14.Rfd1 Rfd8 15.Bh3 h6
16.Qb1 Qb8 17.Ne1 Qa8 18.f3 Rc7 19.Kf2 Nf8 20.Nd3 N8h7 21.Ne5 cxd4 22.exd4 Ng5
23.Bg2 Nd7 24.Nd3 Nh7 25.h4 Rdc8 26.a4 Nhf6 27.Bh3 Ne8 28.Re1 Bf6 29.Nf4 Nd6
30.Qa2 Re8 31.Nh5 Qd8 32.d5 Nc5 33.Bxf6 gxf6 34.Bf1 e5 35.Ne4 Ndxe4+ 36.fxe4 Bc8
37.Qe2 Kh7 38.Qf3 f5 39.Bh3 fxe4 40.Qf6 Rg8 41.d6 Bxh3 42.Qxd8 Rxd8 43.dxc7 Rc8
44.Nf6+ Kg7 45.Nxe4 Rxc7 46.Nd6 Rd7 47.Rcd1 e4 48.g4 Bxg4 49.Rg1 h5 50.Rd5 Kf8  1/2-1/2

[Event "GER-ch"]
[Site "Binz"]
[Date "1994.??.??"]
[Round "5"]
[White "Lagunow, Alexander"]
[Black "Bezold, Michael"]
[Result "0-1"]
[WhiteElo "2405"]
[BlackElo "2475"]

1.Nf3 Nf6 2.c4 e6 3.g3 d5 4.d4 Be7 5.Bg2 O-O 6.O-O Nbd7 7.Qc2 c6 8.Nbd2 b6
9.e4 Bb7 10.b3 Rc8 11.Bb2 c5 12.exd5 exd5 13.Rad1 Qc7 14.dxc5 Bxc5 15.Qf5 Rfe8
16.Nd4 Qe5 17.Qxe5 Nxe5 18.Nf5 Ba6 19.Rfe1 Bxf2+ 20.Kxf2 Nd3+ 21.Kf1 Nxb2
22.Rb1 Rxe1+ 23.Rxe1 Kf8 24.Ne7 Rc5 25.b4 Bxc4+ 26.Nxc4 Rxc4 27.Nxd5 Nxd5
28.Bxd5 Rxb4 29.Rc1 Rd4 30.Bb3 Rd7 31.Ke2 b5 32.Rc5 Na4 33.Bxa4 bxa4 34.Ra5 Ke7
35.Rxa4 Kd6 36.Kd3 Kc5+ 37.Kc3 Kb5 38.Rb4+ Ka5 39.a3 a6 40.Rf4 Kb5 41.Rb4+ Kc5
42.Ra4 Rd6 43.Ra5+ Kb6 44.Rf5 f6 45.Rf4 Rc6+ 46.Kb3 Rc5 47.Rd4 Kc7 48.Ra4 a5
49.Rd4 h5 50.Ka4 g5 51.Kb3 Rf5 52.Rd2 Rc5 53.Rd4 Rb5+ 54.Kc3 Rf5 55.Rd2 Rf3+
56.Kc4 Kc6 57.Rd8 h4 58.Ra8 hxg3 59.hxg3 Rxa3 60.Ra6+ Kd7 61.Rxf6 Rxg3 62.Ra6 a4
63.Kd5 a3 64.Ra7+ Kc8 65.Kc6 Rc3+ 66.Kd5 g4 67.Kd4 Rb3 68.Kc4 Rf3  0-1

[Event "Bled op"]
[Site "Bled"]
[Date "1994.??.??"]
[Round "?"]
[White "Tratar, Marko"]
[Black "Lempert, Igor"]
[Result "1-0"]
[WhiteElo "2380"]
[BlackElo "2495"]

1.d4 e6 2.Nf3 Nf6 3.c4 d5 4.g3 Be7 5.Bg2 O-O 6.O-O Nbd7 7.Qc2 b6 8.Nc3 Bb7
9.cxd5 exd5 10.Rd1 c5 11.dxc5 bxc5 12.Nh4 Nb6 13.Nf5 Qe8 14.Bg5 Rd8 15.a4 h6
16.Nxe7+ Qxe7 17.Bxf6 Qxf6 18.a5 Nc4 19.Nxd5 Bxd5 20.Rxd5 Rxd5 21.Bxd5 Qxb2
22.Rc1 Qxc2 23.Rxc2 Nd6 24.Rxc5 Rc8 25.Rxc8+ Nxc8 26.f4 Kf8 27.Kf2 Ke7 28.Ke3 f6
29.Kd4 Kd6 30.e4 Ne7 31.h4 Ng6 32.Bf7 Ne7 33.Bd5 Ng6 34.Kc4 Ne7 35.Kb5 Kc7
36.Kc5 Nc8 37.g4 Ne7 38.f5 Nc8 39.e5 fxe5 40.g5 hxg5 41.hxg5 Nd6 42.f6 gxf6
43.gxf6 Ne8 44.f7 Nf6 45.Be4 Nd7+ 46.Kd5 Kd8 47.Kd6 Nf8 48.Bf5 e4 49.Bxe4 Nd7
50.Bd3 Nf8 51.Bf5  1-0

[Event "Bucharest-A (Women)"]
[Site "Bucharest"]
[Date "1994.??.??"]
[Round "?"]
[White "Shumiakina, Tatiana"]
[Black "Litinskaya, Marta I"]
[Result "1/2-1/2"]
[WhiteElo "2315"]
[BlackElo "2290"]

1.d4 Nf6 2.c4 e6 3.g3 d5 4.Bg2 Be7 5.Nf3 O-O 6.O-O dxc4 7.Ne5 Nc6 8.Nxc6 bxc6
9.Na3 Bxa3 10.bxa3 Nd5 11.Qa4 Nb6 12.Qxc6 Rb8 13.Bf4 Bb7 14.Qxc7 Bxg2 15.Kxg2 Qxd4
16.Qe5 Qxe5 17.Bxe5 Rbc8 18.Rfc1 Rfd8 19.Bc3 Rd5 20.Rab1 f6 21.Rc2 h5 22.Bd2 Rc6
23.Be3 Ra5 24.Bxb6 axb6 25.Rc3 Kf7 26.Rb4 b5 27.a4 Rxa4 28.Rxb5 Rxa2 29.Rxh5 Rxe2
30.Rh4  1/2-1/2

[Event "Budapest FS03 GM"]
[Site "Budapest"]
[Date "1994.??.??"]
[Round "3"]
[White "Horvath, Jozsef"]
[Black "Margolin, Boris"]
[Result "1/2-1/2"]
[WhiteElo "2515"]
[BlackElo "2385"]

1.d4 d5 2.c4 e6 3.Nf3 Nf6 4.g3 Be7 5.Bg2 O-O 6.Nc3 Nbd7 7.Qb3 c6 8.O-O b6
9.Bf4 Ba6 10.cxd5 exd5 11.Rfd1 Nh5 12.Be3 f5 13.Ne5 Nxe5 14.dxe5 Kh8 15.f4 g6
16.a4 Bc4 17.Qc2 a5 18.b3 Ba6 19.Bf2 Qb8 20.Rab1 Ng7 21.Na2 Rc8 22.b4 axb4
23.Nxb4 Bc4 24.Nd3 b5 25.axb5 Bxb5 26.Rdc1 Ba3 27.Re1 Ne6 28.Rb3 Qb7 29.Qc3 Bf8
30.Bf3 Qe7 31.Reb1 Bc4 32.Rb7 Rc7 33.R7b6 Ra3 34.Qc2 Qd7 35.Rb8 Kg7 36.Kg2 Ra2
37.Qc3 Bb5 38.R1xb5 cxb5 39.Qb3 Ra5 40.Bb6 Ra3 41.Qxd5 Qxd5 42.Bxd5 Rc2 43.Ne1 Rxe2+
44.Kf1 Rxh2 45.Bxe6 Bb4 46.Ng2 Ra1+ 47.Kf2 Be1+ 48.Kf3 Ra3+ 49.Be3 Rxg2 50.Kxg2 Rxe3
51.Rb7+ Kf8 52.Rf7+ Ke8 53.Rxh7 Bxg3 54.Bf7+ Kd8 55.Bxg6 Bxf4 56.Bxf5 Rxe5
57.Bg4 Bg5 58.Rd7+ Ke8 59.Rb7 Kd8  1/2-1/2